[Event "DVM U12 2022"]
[Site "München GER"]
[Date "2022.12.28"]
[Round "3"]
[White "Vinogradov, Ilia"]
[Black "Roos Nazario, Valentin"]
[Result "0-1"]
[Termination "normal"]
[Board "9.1"]
[WhiteElo "1358"]
[BlackElo "1196"]
[WhiteClock "00:29:58"]
[BlackClock "01:15:32"]
[WhiteTeam "SV 1947 Walldorf"]
[BlackTeam "TTC Grün-Weiß Fritzdorf 1958"]
[PlyCount "108"]
[WhiteFideId "34603166"]
[BlackFideId "16295722"]
[EventCountry "GER"]
[EventRounds "7"]
[EventType "team-swiss"]
[EventDate "2022.12.26"]

1. e4 {[%clk 01:30:58]} {[%emt 00:00:02]} c5 {[%clk 01:30:55]} {[%emt
00:00:06]} 2. Nf3 {[%clk 01:31:23]} {[%emt 00:00:04]} d6 {[%clk 01:31:20]}
{[%emt 00:00:06]} 3. Bb5 {[%clk 01:31:48]} {[%emt 00:00:05]} Nc6 {[%clk
01:31:41]} {[%emt 00:00:09]} 4. Bxc6 {[%clk 01:32:00]} {[%emt 00:00:17]} bxc6
{[%clk 01:32:01]} {[%emt 00:00:11]} 5. h3 {[%clk 01:32:07]} {[%emt 00:00:22]}
g6 {[%clk 01:31:56]} {[%emt 00:00:35]} 6. O-O {[%clk 01:31:42]} {[%emt
00:00:55]} Bg7 {[%clk 01:32:06]} {[%emt 00:00:20]} 7. Re1 {[%clk 01:31:26]}
{[%emt 00:00:47]} e6 {[%clk 01:31:11]} {[%emt 00:01:25]} 8. e5 {[%clk
01:27:12]} {[%emt 00:04:44]} d5 {[%clk 01:30:52]} {[%emt 00:00:49]} 9. c3
{[%clk 01:22:19]} {[%emt 00:05:22]} Ne7 {[%clk 01:27:02]} {[%emt 00:04:21]} 10.
d4 {[%clk 01:20:59]} {[%emt 00:01:49]} cxd4 {[%clk 01:26:34]} {[%emt 00:00:58]}
11. cxd4 {[%clk 01:21:02]} {[%emt 00:00:28]} O-O {[%clk 01:26:57]} {[%emt
00:00:08]} 12. b3 {[%clk 01:18:01]} {[%emt 00:03:30]} Ba6 {[%clk 01:25:37]}
{[%emt 00:01:50]} 13. Ba3 {[%clk 01:17:44]} {[%emt 00:00:47]} Re8 {[%clk
01:25:29]} {[%emt 00:00:37]} 14. Qc2 {[%clk 01:13:36]} {[%emt 00:04:39]} Rc8
{[%clk 01:24:19]} {[%emt 00:01:40]} 15. Nbd2 {[%clk 01:04:34]} {[%emt
00:09:32]} Bf8 {[%clk 01:20:29]} {[%emt 00:04:20]} 16. Bc5 {[%clk 01:01:45]}
{[%emt 00:03:19]} Qc7 {[%clk 01:20:13]} {[%emt 00:00:46]} 17. b4 {[%clk
00:57:15]} {[%emt 00:04:59]} Nf5 {[%clk 01:19:16]} {[%emt 00:01:27]} 18. Nf1
{[%clk 00:52:48]} {[%emt 00:04:57]} Bxc5 {[%clk 01:18:30]} {[%emt 00:01:16]}
19. bxc5 {[%clk 00:52:59]} {[%emt 00:00:19]} Bxf1 {[%clk 01:16:04]} {[%emt
00:02:55]} 20. Rxf1 {[%clk 00:52:06]} {[%emt 00:01:23]} Qa5 {[%clk 01:16:02]}
{[%emt 00:00:33]} 21. Rab1 {[%clk 00:49:44]} {[%emt 00:02:53]} Rb8 {[%clk
01:12:40]} {[%emt 00:03:51]} 22. Rb3 {[%clk 00:46:36]} {[%emt 00:03:39]} Qa4
{[%clk 01:11:21]} {[%emt 00:01:47]} 23. Rfb1 {[%clk 00:44:12]} {[%emt
00:02:55]} Kg7 {[%clk 01:07:30]} {[%emt 00:04:21]} 24. Qd2 {[%clk 00:41:07]}
{[%emt 00:03:36]} Rxb3 {[%clk 01:06:18]} {[%emt 00:01:42]} 25. Rxb3 {[%clk
00:40:25]} {[%emt 00:01:11]} Qa6 {[%clk 01:06:39]} {[%emt 00:00:10]} 26. Qg5
{[%clk 00:36:12]} {[%emt 00:04:43]} Qc8 {[%clk 01:01:42]} {[%emt 00:05:26]} 27.
g4 {[%clk 00:33:36]} {[%emt 00:03:06]} Nh6 {[%clk 01:00:39]} {[%emt 00:01:33]}
28. Qf6 {[%clk 00:33:37]} {[%emt 00:00:29]} Kg8 {[%clk 01:01:00]} {[%emt
00:00:10]} 29. Ng5 {[%clk 00:30:48]} {[%emt 00:03:19]} Qd7 {[%clk 01:00:48]}
{[%emt 00:00:42]} 30. Qf4 {[%clk 00:21:52]} {[%emt 00:09:26]} Qe7 {[%clk
00:59:49]} {[%emt 00:01:28]} 31. Nf3 {[%clk 00:18:28]} {[%emt 00:03:54]} Kg7
{[%clk 00:54:41]} {[%emt 00:05:38]} 32. g5 {[%emt 00:02:35]} Nf5 {[%clk
00:53:28]} {[%emt 00:01:15]} 33. Nh4 {[%clk 00:16:21]} {[%emt 00:01:00]} Rh8
{[%clk 00:51:21]} {[%emt 00:02:36]} 34. Nxf5 {[%clk 00:15:48]} {[%emt
00:01:04]} exf5 {[%clk 00:51:42]} {[%emt 00:00:10]} 35. Qh4 {[%clk 00:15:51]}
{[%emt 00:00:26]} Rc8 {[%clk 00:51:10]} {[%emt 00:01:01]} 36. Rf3 {[%clk
00:15:09]} {[%emt 00:01:14]} Kg8 {[%clk 00:50:17]} {[%emt 00:01:22]} 37. Rf4
{[%clk 00:13:51]} {[%emt 00:01:48]} Qf8 {[%clk 00:50:07]} {[%emt 00:00:40]} 38.
Qg3 {[%clk 00:12:46]} {[%emt 00:01:35]} Rb8 {[%clk 00:49:40]} {[%emt 00:00:57]}
39. h4 {[%clk 00:11:50]} {[%emt 00:01:26]} Rb5 {[%clk 00:48:38]} {[%emt
00:01:32]} 40. h5 {[%clk 00:11:37]} {[%emt 00:00:43]} Qd8 {[%clk 00:48:35]}
{[%emt 00:00:33]} 41. hxg6 {[%clk 00:10:54]} {[%emt 00:01:13]} fxg6 {[%clk
00:48:22]} {[%emt 00:00:42]} 42. Rh4 {[%clk 00:09:49]} {[%emt 00:01:36]} Rb2
{[%clk 00:47:32]} {[%emt 00:01:20]} 43. a3 {[%clk 00:09:46]} {[%emt 00:00:34]}
Qe7 {[%clk 00:45:22]} {[%emt 00:02:39]} 44. Rh3 {[%clk 00:06:34]} {[%emt
00:03:41]} Qf7 {[%clk 00:44:38]} {[%emt 00:01:14]} 45. Qc3 {[%clk 00:02:35]}
{[%emt 00:04:29]} Rb5 {[%clk 00:44:04]} {[%emt 00:01:05]} 46. a4 {[%clk
00:01:35]} {[%emt 00:01:31]} Rb1 {[%clk 00:44:24]} {[%emt 00:00:09]} 47. Kg2
{[%clk 00:01:46]} {[%emt 00:00:19]} f4 {[%clk 00:44:15]} {[%emt 00:00:39]} 48.
Qa5 {[%clk 00:01:15]} {[%emt 00:01:01]} Qe7 {[%clk 00:44:26]} {[%emt 00:00:19]}
49. Qa6 {[%clk 00:01:01]} {[%emt 00:00:44]} Qxg5 {[%clk 00:44:47]} {[%emt
00:00:07]} 50. Kf3 {[%clk 00:00:33]} {[%emt 00:01:00]} Rb3 {[%clk 00:45:05]}
{[%emt 00:00:11]} 51. Ke2 {[%clk 00:00:52]} {[%emt 00:00:10]} Qg4 {[%clk
00:44:46]} {[%emt 00:00:48]} 52. Ke1 {[%clk 00:29:33]} {[%emt 00:02:22]} Rb1
{[%clk 01:14:56]} {[%emt 00:00:49]} 53. Kd2 {[%clk 00:29:43]} {[%emt 00:00:21]}
Qd1 {[%clk 01:15:07]} {[%emt 00:00:18]} 54. Kc3 {[%clk 00:29:58]} {[%emt
00:00:16]} Rb3# {[%clk 01:15:32]} {[%emt 00:00:04]} 0-1

[Event "DVM U12 2022"]
[Site "München GER"]
[Date "2022.12.28"]
[Round "3"]
[White "Geschke, David"]
[Black "Schirmer, Enias"]
[Result "1/2-1/2"]
[Termination "normal"]
[Board "9.2"]
[WhiteElo "1418"]
[BlackElo "1363"]
[WhiteClock "00:42:21"]
[BlackClock "00:06:20"]
[WhiteTeam "TTC Grün-Weiß Fritzdorf 1958"]
[BlackTeam "SV 1947 Walldorf"]
[PlyCount "117"]
[WhiteFideId "34619658"]
[BlackFideId "34609806"]
[EventCountry "GER"]
[EventRounds "7"]
[EventType "team-swiss"]
[EventDate "2022.12.26"]

1. d4 {[%clk 01:30:39]} {[%emt 00:00:20]} d5 {[%clk 01:30:47]} {[%emt
00:00:12]} 2. c4 {[%clk 01:31:04]} {[%emt 00:00:06]} dxc4 {[%clk 01:31:02]}
{[%emt 00:00:15]} 3. e3 {[%clk 01:31:18]} {[%emt 00:00:16]} Nf6 {[%clk
01:30:58]} {[%emt 00:00:34]} 4. Bxc4 {[%clk 01:31:40]} {[%emt 00:00:08]} e6
{[%clk 01:31:11]} {[%emt 00:00:17]} 5. Nc3 {[%clk 01:32:00]} {[%emt 00:00:10]}
a6 {[%clk 01:30:34]} {[%emt 00:01:07]} 6. Nf3 {[%clk 01:32:20]} {[%emt
00:00:10]} c5 {[%clk 01:30:29]} {[%emt 00:00:35]} 7. O-O {[%clk 01:32:37]}
{[%emt 00:00:14]} Nc6 {[%clk 01:29:41]} {[%emt 00:01:17]} 8. dxc5 {[%clk
01:25:16]} {[%emt 00:07:51]} Qxd1 {[%clk 01:29:28]} {[%emt 00:00:44]} 9. Rxd1
{[%clk 01:25:34]} {[%emt 00:00:12]} Bxc5 {[%clk 01:29:43]} {[%emt 00:00:15]}
10. a3 {[%clk 01:25:32]} {[%emt 00:00:32]} b5 {[%clk 01:28:28]} {[%emt
00:01:44]} 11. Be2 {[%clk 01:24:38]} {[%emt 00:01:23]} O-O {[%clk 01:27:30]}
{[%emt 00:01:28]} 12. b4 {[%clk 01:24:51]} {[%emt 00:00:18]} Be7 {[%clk
01:26:03]} {[%emt 00:01:57]} 13. Bb2 {[%clk 01:25:12]} {[%emt 00:00:08]} Bb7
{[%clk 01:25:09]} {[%emt 00:01:26]} 14. Rd2 {[%clk 01:24:40]} {[%emt 00:01:01]}
Rfd8 {[%clk 01:23:59]} {[%emt 00:01:41]} 15. Rad1 {[%emt 00:00:16]} Rxd2 {[%emt
00:01:03]} 16. Rxd2 {[%clk 01:23:35]} {[%emt 00:00:16]} Rd8 {[%clk 01:24:09]}
{[%emt 00:00:20]} 17. Rxd8 {[%clk 01:20:26]} {[%emt 00:03:39]} Bxd8 {[%clk
01:23:52]} {[%emt 00:00:47]} 18. Bd3 {[%clk 01:20:09]} {[%emt 00:00:46]} Bc7
{[%clk 01:22:19]} {[%emt 00:02:03]} 19. Ne4 {[%clk 01:19:42]} {[%emt 00:00:57]}
Nxe4 {[%clk 01:19:45]} {[%emt 00:03:06]} 20. Bxe4 {[%clk 01:19:49]} {[%emt
00:00:22]} Na5 {[%clk 01:19:03]} {[%emt 00:01:11]} 21. Bxb7 {[%clk 01:15:58]}
{[%emt 00:04:22]} Nxb7 {[%clk 01:19:14]} {[%emt 00:00:19]} 22. Ne1 {[%clk
01:15:42]} {[%emt 00:00:45]} a5 {[%clk 01:14:34]} {[%emt 00:05:11]} 23. Nc2
{[%clk 01:15:32]} {[%emt 00:00:39]} Bd6 {[%clk 01:08:00]} {[%emt 00:07:02]} 24.
Bc3 {[%clk 01:15:04]} {[%emt 00:01:00]} axb4 {[%clk 01:02:43]} {[%emt
00:05:49]} 25. axb4 {[%clk 01:14:57]} {[%emt 00:00:36]} Be7 {[%clk 00:56:16]}
{[%emt 00:06:57]} 26. Kf1 {[%clk 01:14:04]} {[%emt 00:01:23]} Kf8 {[%clk
00:55:09]} {[%emt 00:01:37]} 27. Ke2 {[%clk 01:12:51]} {[%emt 00:01:41]} Nd6
{[%clk 00:52:45]} {[%emt 00:02:55]} 28. f3 {[%clk 01:12:43]} {[%emt 00:00:39]}
f6 {[%clk 00:51:16]} {[%emt 00:01:59]} 29. Nd4 {[%clk 01:12:51]} {[%emt
00:00:21]} e5 {[%clk 00:46:53]} {[%emt 00:04:54]} 30. Nc6 {[%clk 01:12:48]}
{[%emt 00:00:33]} Ke8 {[%clk 00:46:55]} {[%emt 00:00:29]} 31. Nxe7 {[%clk
01:11:40]} {[%emt 00:01:38]} Kxe7 {[%clk 00:47:00]} {[%emt 00:00:25]} 32. Kd3
{[%clk 01:11:36]} {[%emt 00:00:33]} Ke6 {[%clk 00:46:27]} {[%emt 00:01:05]} 33.
g3 {[%clk 01:07:45]} {[%emt 00:04:20]} Kd5 {[%clk 00:44:54]} {[%emt 00:02:03]}
34. e4 {[%clk 01:07:13]} {[%emt 00:01:02]} Ke6 {[%clk 00:44:52]} {[%emt
00:00:31]} 35. f4 {[%clk 01:06:34]} {[%emt 00:01:07]} g6 {[%clk 00:41:31]}
{[%emt 00:03:54]} 36. Bd2 {[%clk 01:01:58]} {[%emt 00:05:05]} Nc4 {[%clk
00:37:39]} {[%emt 00:04:22]} 37. Be1 {[%clk 01:01:23]} {[%emt 00:01:03]} h6
{[%clk 00:36:27]} {[%emt 00:01:45]} 38. Bc3 {[%clk 01:00:39]} {[%emt 00:01:12]}
Nd6 {[%clk 00:36:17]} {[%emt 00:00:41]} 39. Bd2 {[%clk 01:00:47]} {[%emt
00:00:21]} h5 {[%clk 00:36:23]} {[%emt 00:00:25]} 40. h3 {[%clk 01:00:24]}
{[%emt 00:00:53]} Nf7 {[%clk 00:35:30]} {[%emt 00:01:23]} 41. g4 {[%clk
00:59:03]} {[%emt 00:01:50]} hxg4 {[%clk 00:35:02]} {[%emt 00:00:59]} 42. hxg4
{[%clk 00:59:17]} {[%emt 00:00:16]} exf4 {[%clk 00:34:43]} {[%emt 00:00:48]}
43. Bxf4 {[%clk 00:59:20]} {[%emt 00:00:27]} g5 {[%clk 00:34:32]} {[%emt
00:00:42]} 44. Bh2 {[%clk 00:59:44]} {[%emt 00:00:05]} Ne5 {[%clk 00:34:48]}
{[%emt 00:00:15]} 45. Kc3 {[%clk 00:52:22]} {[%emt 00:07:51]} Nxg4 {[%clk
00:34:41]} {[%emt 00:00:38]} 46. Bg3 {[%clk 00:52:43]} {[%emt 00:00:10]} Ne5
{[%clk 00:34:12]} {[%emt 00:00:58]} 47. Kd4 {[%clk 00:52:40]} {[%emt 00:00:25]}
Kd6 {[%clk 00:33:47]} {[%emt 00:01:02]} 48. Bh2 {[%clk 00:52:47]} {[%emt
00:00:23]} Ke6 {[%clk 00:21:31]} {[%emt 00:14:21]} 49. Kc5 {[%clk 00:52:18]}
{[%emt 00:02:56]} Nf3 {[%clk 00:20:31]} {[%emt 00:01:29]} 50. Bg3 {[%clk
00:51:36]} {[%emt 00:01:13]} Nd2 {[%clk 00:19:43]} {[%emt 00:01:15]} 51. Kxb5
{[%clk 00:47:53]} {[%emt 00:04:16]} Nxe4 {[%clk 00:19:56]} {[%emt 00:00:17]}
52. Bh2 {[%clk 00:48:07]} {[%emt 00:00:17]} g4 {[%clk 00:18:53]} {[%emt
00:01:32]} 53. Kc4 {[%clk 00:47:48]} {[%emt 00:00:47]} g3 {[%clk 00:18:57]}
{[%emt 00:00:28]} 54. Bg1 {[%clk 00:48:10]} {[%emt 00:00:08]} f5 {[%clk
00:18:20]} {[%emt 00:01:08]} 55. Kd4 {[%clk 00:48:04]} {[%emt 00:00:34]} Kd6
{[%clk 00:14:35]} {[%emt 00:04:15]} 56. Ke3 {[%clk 00:43:21]} {[%emt 00:05:15]}
Ke5 {[%clk 00:13:09]} {[%emt 00:01:56]} 57. Kf3 {[%clk 00:42:48]} {[%emt
00:00:58]} f4 {[%clk 00:10:25]} {[%emt 00:03:19]} 58. b5 {[%clk 00:42:21]}
{[%emt 00:00:57]} Nd6 {[%clk 00:06:20]} {[%emt 00:04:15]} 59. b6 1/2-1/2

[Event "DVM U12 2022"]
[Site "München GER"]
[Date "2022.12.28"]
[Round "3"]
[White "Yan, Haichen"]
[Black "Geschke, Jonathan"]
[Result "1-0"]
[Termination "normal"]
[Board "9.3"]
[WhiteElo "1217"]
[BlackElo "1151"]
[WhiteClock "01:24:59"]
[BlackClock "01:02:38"]
[WhiteTeam "SV 1947 Walldorf"]
[BlackTeam "TTC Grün-Weiß Fritzdorf 1958"]
[PlyCount "99"]
[WhiteFideId "34607951"]
[BlackFideId "34636129"]
[EventCountry "GER"]
[EventRounds "7"]
[EventType "team-swiss"]
[EventDate "2022.12.26"]

1. d4 {[%clk 01:31:27]} {[%emt 00:00:03]} d5 {[%clk 01:31:13]} {[%emt
00:00:16]} 2. c4 {[%clk 01:31:52]} {[%emt 00:00:04]} e6 {[%clk 01:31:28]}
{[%emt 00:00:15]} 3. Nc3 {[%clk 01:32:18]} {[%emt 00:00:04]} Nf6 {[%clk
01:31:38]} {[%emt 00:00:20]} 4. Bg5 {[%clk 01:32:34]} {[%emt 00:00:14]} Be7
{[%clk 01:31:37]} {[%emt 00:00:31]} 5. e3 {[%clk 01:32:56]} {[%emt 00:00:08]}
Nbd7 {[%clk 01:31:14]} {[%emt 00:00:53]} 6. Nf3 {[%clk 01:33:07]} {[%emt
00:00:19]} b6 {[%clk 01:29:56]} {[%emt 00:01:49]} 7. cxd5 {[%clk 01:32:09]}
{[%emt 00:01:27]} Nxd5 {[%clk 01:29:15]} {[%emt 00:01:10]} 8. Nxd5 {[%clk
01:31:59]} {[%emt 00:00:40]} exd5 {[%clk 01:29:09]} {[%emt 00:00:36]} 9. Bf4
{[%clk 01:32:09]} {[%emt 00:00:21]} Bb7 {[%clk 01:29:15]} {[%emt 00:00:24]} 10.
Rc1 {[%clk 01:32:24]} {[%emt 00:00:15]} c5 {[%clk 01:29:11]} {[%emt 00:00:34]}
11. dxc5 {[%clk 01:32:18]} {[%emt 00:00:36]} bxc5 {[%clk 01:29:17]} {[%emt
00:00:22]} 12. Qb3 {[%clk 01:32:25]} {[%emt 00:00:25]} Qa5 {[%clk 01:28:10]}
{[%emt 00:01:36]} 13. Kd1 {[%clk 01:32:01]} {[%emt 00:00:54]} Qb6 {[%clk
01:27:32]} {[%emt 00:01:09]} 14. Qb5 {[%clk 01:31:23]} {[%emt 00:01:07]} Bc6
{[%clk 01:25:35]} {[%emt 00:02:27]} 15. Qa6 {[%clk 01:30:42]} {[%emt 00:01:12]}
Qxa6 {[%clk 01:24:40]} {[%emt 00:01:24]} 16. Bxa6 {[%clk 01:30:50]} {[%emt
00:00:23]} O-O {[%clk 01:24:23]} {[%emt 00:00:45]} 17. Ne5 {[%clk 01:30:15]}
{[%emt 00:01:06]} Nxe5 {[%clk 01:23:41]} {[%emt 00:01:13]} 18. Bxe5 {[%clk
01:30:37]} {[%emt 00:00:07]} Bf6 {[%clk 01:23:41]} {[%emt 00:00:30]} 19. Bd6
{[%clk 01:30:44]} {[%emt 00:00:23]} Bxb2 {[%clk 01:22:19]} {[%emt 00:01:53]}
20. Rb1 {[%clk 01:27:04]} {[%emt 00:04:10]} Rfd8 {[%clk 01:21:21]} {[%emt
00:01:26]} 21. Bxc5 {[%clk 01:27:07]} {[%emt 00:00:29]} Bf6 {[%clk 01:17:56]}
{[%emt 00:03:56]} 22. Ke2 {[%clk 01:26:54]} {[%emt 00:00:42]} Re8 {[%clk
01:15:47]} {[%emt 00:02:38]} 23. Bb7 {[%clk 01:26:12]} {[%emt 00:01:13]} Bxb7
{[%clk 01:15:10]} {[%emt 00:01:07]} 24. Rxb7 {[%clk 01:26:25]} {[%emt
00:00:16]} Rac8 {[%clk 01:13:11]} {[%emt 00:02:28]} 25. Bxa7 {[%clk 01:24:21]}
{[%emt 00:02:36]} Rc2 {[%clk 01:12:05]} {[%emt 00:01:35]} 26. Kf3 {[%clk
01:24:38]} {[%emt 00:00:13]} Rxa2 {[%clk 01:12:02]} {[%emt 00:00:34]} 27. Rhb1
{[%clk 01:23:10]} {[%emt 00:01:58]} Rf8 {[%clk 01:06:41]} {[%emt 00:05:51]} 28.
Bc5 {[%clk 01:23:15]} {[%emt 00:00:24]} Rd8 {[%clk 01:05:28]} {[%emt 00:01:42]}
29. Rb8 {[%clk 01:23:05]} {[%emt 00:00:42]} h6 {[%clk 01:05:36]} {[%emt
00:00:19]} 30. Rxd8 {[%clk 01:23:23]} {[%emt 00:00:14]} Bxd8 {[%clk 01:03:43]}
{[%emt 00:02:23]} 31. Rb8 {[%clk 01:23:43]} {[%emt 00:00:10]} Rd2 {[%clk
01:03:21]} {[%emt 00:00:50]} 32. Rxd8 {[%emt 00:00:44]} Kh7 {[%clk 01:03:38]}
33. Rd7 {[%clk 01:23:56]} {[%emt 00:00:17]} f6 {[%clk 01:03:49]} {[%emt
00:00:19]} 34. Bd4 {[%clk 01:24:18]} {[%emt 00:00:09]} Kg6 {[%clk 01:03:38]}
{[%emt 00:00:38]} 35. Rxd5 {[%clk 01:24:33]} {[%emt 00:00:17]} Kf7 {[%clk
01:02:53]} {[%emt 00:01:15]} 36. h4 {[%clk 01:24:34]} {[%emt 00:00:29]} g5
{[%clk 01:02:44]} {[%emt 00:00:39]} 37. hxg5 {[%clk 01:24:52]} {[%emt
00:00:12]} hxg5 {[%clk 01:02:52]} {[%emt 00:00:21]} 38. Rf5 {[%clk 01:24:57]}
{[%emt 00:00:25]} g4 {[%emt 00:01:23]} 39. Kxg4 {[%clk 01:25:17]} Ke7 {[%clk
01:02:38]} {[%emt 00:01:31]} 40. Bxf6 {[%clk 01:24:59]} {[%emt 00:00:18]} Ke6
{[%emt 00:01:02]} 41. Bd4 {[%emt 00:00:20]} Rxf2 {[%emt 00:01:54]} 42. Rxf2
{[%emt 00:00:10]} Kd5 {[%emt 00:00:08]} 43. Kh4 {[%emt 00:00:09]} Ke4 {[%emt
00:00:25]} 44. g4 {[%emt 00:00:13]} Kd3 {[%emt 00:00:31]} 45. g5 {[%emt
00:00:06]} Ke4 {[%emt 00:00:17]} 46. g6 {[%emt 00:00:06]} Kd3 {[%emt 00:00:18]}
47. g7 {[%emt 00:00:11]} Ke4 {[%emt 00:00:55]} 48. g8=Q {[%emt 00:00:19]} Kd3
{[%emt 00:00:20]} 49. Qf7 {[%emt 00:00:12]} Ke4 {[%emt 00:00:34]} 50. Qf5#
{[%emt 00:00:03]} 1-0

[Event "DVM U12 2022"]
[Site "München GER"]
[Date "2022.12.28"]
[Round "3"]
[White "Mende, Magnus"]
[Black "Botschek, Marius"]
[Result "0-1"]
[Termination "normal"]
[Board "9.4"]
[WhiteElo "915"]
[BlackElo "1451"]
[WhiteClock "00:48:38"]
[BlackClock "00:22:00"]
[WhiteTeam "TTC Grün-Weiß Fritzdorf 1958"]
[BlackTeam "SV 1947 Walldorf"]
[PlyCount "88"]
[WhiteFideId "34617124"]
[BlackFideId "34629521"]
[EventCountry "GER"]
[EventRounds "7"]
[EventType "team-swiss"]
[EventDate "2022.12.26"]

1. e4 {[%clk 01:30:54]} {[%emt 00:00:04]} c5 {[%clk 01:30:56]} {[%emt
00:00:05]} 2. Nf3 {[%clk 01:30:50]} {[%emt 00:00:35]} Nc6 {[%clk 01:31:20]}
{[%emt 00:00:05]} 3. g3 {[%clk 01:30:27]} {[%emt 00:00:53]} g6 {[%clk
01:31:21]} {[%emt 00:00:29]} 4. Bg2 {[%clk 01:30:26]} {[%emt 00:00:31]} Bg7
{[%clk 01:31:41]} {[%emt 00:00:10]} 5. O-O {[%clk 01:29:54]} {[%emt 00:01:03]}
Nf6 {[%clk 01:31:02]} {[%emt 00:01:08]} 6. d3 {[%clk 01:29:34]} {[%emt
00:00:50]} O-O {[%clk 01:31:24]} {[%emt 00:00:07]} 7. Be3 {[%clk 01:29:14]}
{[%emt 00:00:51]} Ng4 {[%clk 01:29:16]} {[%emt 00:02:38]} 8. c3 {[%clk
01:28:09]} {[%emt 00:01:36]} Nxe3 {[%clk 01:29:07]} {[%emt 00:00:39]} 9. fxe3
{[%clk 01:28:26]} {[%emt 00:00:12]} d6 {[%clk 01:21:11]} {[%emt 00:08:26]} 10.
d4 {[%clk 01:28:30]} {[%emt 00:00:27]} Rb8 {[%clk 01:18:17]} {[%emt 00:03:23]}
11. Nbd2 {[%clk 01:24:04]} {[%emt 00:04:56]} b5 {[%clk 01:15:17]} {[%emt
00:03:30]} 12. Rb1 {[%clk 01:23:25]} {[%emt 00:01:10]} b4 {[%clk 01:13:02]}
{[%emt 00:02:45]} 13. Nb3 {[%clk 01:17:27]} {[%emt 00:06:29]} Qb6 {[%clk
01:07:53]} {[%emt 00:05:38]} 14. Nfd2 {[%clk 01:14:35]} {[%emt 00:03:21]} Ba6
{[%clk 01:02:29]} {[%emt 00:05:54]} 15. Rf2 {[%clk 01:12:39]} {[%emt 00:02:26]}
Na5 {[%clk 00:58:49]} {[%emt 00:04:10]} 16. Nxa5 {[%clk 01:08:32]} {[%emt
00:04:38]} Qxa5 {[%clk 00:57:52]} {[%emt 00:01:28]} 17. Bf1 {[%clk 01:08:56]}
{[%emt 00:00:07]} Bxf1 {[%clk 00:53:33]} {[%emt 00:04:48]} 18. Rxf1 {[%clk
01:09:19]} {[%emt 00:00:07]} Qxa2 {[%clk 00:48:29]} {[%emt 00:05:34]} 19. Qc1
{[%clk 01:07:06]} {[%emt 00:02:43]} Qe6 {[%clk 00:47:31]} {[%emt 00:01:28]} 20.
Kg2 {[%clk 01:03:18]} {[%emt 00:04:19]} Bh6 {[%clk 00:44:25]} {[%emt 00:03:35]}
21. Qe1 {[%clk 01:02:18]} {[%emt 00:01:29]} bxc3 {[%clk 00:43:49]} {[%emt
00:01:07]} 22. bxc3 {[%clk 01:01:27]} {[%emt 00:01:20]} Rxb1 {[%clk 00:43:57]}
{[%emt 00:00:22]} 23. Qxb1 {[%clk 01:01:42]} {[%emt 00:00:15]} Bxe3 {[%clk
00:43:17]} {[%emt 00:01:10]} 24. Nb3 {[%emt 00:07:10]} Rb8 {[%clk 00:38:23]}
25. d5 {[%clk 01:00:47]} {[%emt 00:00:09]} Qg4 {[%clk 00:35:27]} {[%emt
00:03:25]} 26. Qc2 {[%clk 00:54:39]} {[%emt 00:06:38]} Rxb3 {[%clk 00:34:11]}
{[%emt 00:01:47]} 27. Rf3 {[%clk 00:54:23]} {[%emt 00:00:46]} Rb8 {[%clk
00:27:24]} {[%emt 00:07:17]} 28. Rxe3 {[%clk 00:54:43]} {[%emt 00:00:09]} a5
{[%clk 00:26:25]} {[%emt 00:01:29]} 29. c4 {[%clk 00:51:51]} {[%emt 00:03:23]}
Rb4 {[%clk 00:24:39]} {[%emt 00:02:15]} 30. Ra3 {[%clk 00:50:03]} {[%emt
00:02:16]} a4 {[%clk 00:22:35]} {[%emt 00:02:37]} 31. Rf3 {[%clk 00:49:10]}
{[%emt 00:01:23]} Qc8 {[%clk 00:21:25]} {[%emt 00:01:40]} 32. Ra3 {[%clk
00:47:55]} {[%emt 00:01:43]} Qa6 {[%clk 00:20:04]} {[%emt 00:01:52]} 33. Rc3
{[%clk 00:46:51]} {[%emt 00:01:32]} a3 {[%clk 00:19:33]} {[%emt 00:01:03]} 34.
Qa2 {[%clk 00:47:15]} {[%emt 00:00:07]} Rb2 {[%clk 00:19:56]} {[%emt 00:00:08]}
35. Qxb2 {[%clk 00:47:05]} {[%emt 00:00:39]} axb2 {[%clk 00:20:20]} {[%emt
00:00:06]} 36. Rb3 {[%clk 00:47:27]} {[%emt 00:00:09]} Qa2 {[%clk 00:20:24]}
{[%emt 00:00:26]} 37. Rb8 {[%clk 00:47:46]} {[%emt 00:00:11]} Kg7 {[%clk
00:20:49]} {[%emt 00:00:05]} 38. Kh3 {[%clk 00:48:05]} {[%emt 00:00:11]} b1=Q
{[%clk 00:21:07]} {[%emt 00:00:11]} 39. Rxb1 {[%clk 00:48:10]} {[%emt
00:00:26]} Qxb1 {[%clk 00:21:31]} {[%emt 00:00:06]} 40. e5 {[%clk 00:48:25]}
{[%emt 00:00:15]} dxe5 {[%clk 00:21:46]} {[%emt 00:00:15]} 41. d6 {[%clk
00:48:51]} {[%emt 00:00:03]} exd6 {[%clk 00:22:05]} {[%emt 00:00:11]} 42. Kh4
{[%clk 00:49:12]} {[%emt 00:00:10]} Qe4 {[%clk 00:21:58]} {[%emt 00:00:37]} 43.
Kh3 {[%clk 00:48:45]} {[%emt 00:00:49]} g5 {[%clk 00:21:34]} {[%emt 00:01:02]}
44. g4 {[%clk 00:48:38]} {[%emt 00:00:38]} Qf3# {[%clk 00:22:00]} {[%emt
00:00:04]} 0-1

[Event "DVM U12 2022"]
[Site "München GER"]
[Date "2022.12.28"]
[Round "3"]
[White "Haug, Niklas Alexander"]
[Black "Spielvogel, Oliver"]
[Result "1/2-1/2"]
[Termination "normal"]
[Board "10.2"]
[WhiteElo "1041"]
[BlackElo "1312"]
[WhiteTeam "SV Werder Bremen"]
[BlackTeam "Barnimer Schachfreunde im SV Stahl Finow"]
[PlyCount "115"]
[WhiteFideId "34640444"]
[BlackFideId "16296494"]
[EventCountry "GER"]
[EventRounds "7"]
[EventType "team-swiss"]
[EventDate "2022.12.26"]

1. e4 c5 2. c4 e6 3. Nf3 d6 4. Nc3 Qc7 5. d3 a6 6. Be2 Nf6 7. Bg5 Nbd7 8. O-O
Be7 9. h3 b6 10. Re1 O-O 11. a3 Re8 12. b4 Bb7 13. Bf1 Rad8 14. Bf4 Qc8 15. e5
dxe5 16. Nxe5 Nxe5 17. Bxe5 Qc6 18. Qc2 Rd7 19. Ne4 Nxe4 20. dxe4 f6 21. Bh2
Rd4 22. f3 f5 23. Rad1 Rxd1 24. Qxd1 Bf6 25. e5 Rd8 26. Qb1 Bh4 27. Rd1 Rd4 28.
bxc5 Qxc5 29. Kh1 f4 30. Rc1 Qxe5 31. Bd3 h6 32. Bf1 Qe3 33. Bg1 Bf2 34. Bxf2
Qxf2 35. Qxb6 Bxf3 36. gxf3 Qxf3 37. Bg2 Qe3 38. Qb2 Rd2 39. Qb8 Kh7 40. Qb1
Rd3 41. Re1 Qg3 42. Be4 g6 43. Qxd3 Qxe1 44. Kh2 Qf2 45. Kh1 Qe1 46. Kg2 Qh4
47. c5 Qg5 48. Kh2 Qxc5 49. Qd7 Kg8 50. Qxe6 Kf8 51. Qxg6 Qf2 52. Qg2 Qc5 53.
Qf3 Qe5 54. h4 a5 55. a4 Ke7 56. Qa3 Kf7 57. Qf3 Ke7 58. Kh3 1/2-1/2